Fr. Conceicao Rodrigues College of Engineering

Model Solutions for Applied Mathematics II (Record no. 25190)

MARC details
000 -LEADER
fixed length control field 00326nam a2200157Ia 4500
082 ## - DEWEY DECIMAL CLASSIFICATION NUMBER
Classification number 519
100 ## - MAIN ENTRY--PERSONAL NAME
Personal name None
250 ## - EDITION STATEMENT
Edition statement 3
245 ## - TITLE STATEMENT
Title Model Solutions for Applied Mathematics II
260 ## - PUBLICATION, DISTRIBUTION, ETC.
Name of publisher, distributor, etc. Nandu Pub
Place of publication, distribution, etc. London
Date of publication, distribution, etc. 1998
300 ## - PHYSICAL DESCRIPTION
Extent 250
546 ## - LANGUAGE NOTE
Language note ENGLISH
654 ## - SUBJECT ADDED ENTRY--FACETED TOPICAL TERMS
Focus term mathematics
942 ## - ADDED ENTRY ELEMENTS (KOHA)
Koha item type BOOK
Holdings
Withdrawn status Lost status Damaged status Not for loan Collection Home library Current library Date acquired Total Checkouts Full call number Barcode Date last seen Price effective from Koha item type Inventory number
        CRC Fr. Agnel's C.Rodrigues College of Engineering Fr. Agnel's C.Rodrigues College of Engineering 17/03/2023   519 11037 17/03/2023 17/03/2023 BOOK  
        CRC Fr. Agnel's C.Rodrigues College of Engineering Fr. Agnel's C.Rodrigues College of Engineering 17/03/2023   519 11038 17/03/2023 17/03/2023 BOOK  
        CRC Fr. Agnel's C.Rodrigues College of Engineering Fr. Agnel's C.Rodrigues College of Engineering 17/03/2023   519 11039 17/03/2023 17/03/2023 BOOK  
        CRC Fr. Agnel's C.Rodrigues College of Engineering Fr. Agnel's C.Rodrigues College of Engineering 17/03/2023   519 11040 17/03/2023 17/03/2023 BOOK 3426
        CRC Fr. Agnel's C.Rodrigues College of Engineering Fr. Agnel's C.Rodrigues College of Engineering 17/03/2023   519 11041 17/03/2023 17/03/2023 BOOK